| 000 | 01344nam0a22003011 4500 | ||
|---|---|---|---|
| 001 | rc\3128262 | ||
| 005 | 20260407151114.0 | ||
| 021 |
_aRU _b[75-101168] |
||
| 035 | _a(NLR Aleph) 007278247 | ||
| 090 |
_a5481876 _c5481876 |
||
| 100 | _a20120615d1975 |||y0rusy50 ca | ||
| 101 | 0 | _arus | |
| 102 | _aRU | ||
| 105 | _aa z ||||| | ||
| 200 | 1 |
_aОборудование для мокрого пылеулавливания за рубежом _f[Н.Н. Позднякова] _gЦентр. науч.-исслед. ин-т информации и техн.-экон. исследований цвет. металлургии |
|
| 210 |
_aМосква _cЦветметинформация _d1975 |
||
| 215 |
_a48 с. _cил. _d21 |
||
| 225 | 1 |
_aОбзорная информация _iСерия "Охрана окружающей среды" |
|
| 320 | _aСписок лит.: с. 46-47 (36 назв.) | ||
| 606 |
_aПылеуловители мокрые _2psbo |
||
| 700 | 1 |
_aПозднякова _bН.Н. |
|
| 712 | 0 | 2 |
_aЦНИИ информации и технико-экономических исследований цветной металлургии _cМосква _3RU\NLR\AUTH\8810026380 _9550967 |
| 801 | 0 |
_aRU _bNLR _gpsbo |
|
| 801 | 1 |
_aRU _bELAR _2rusmarc |
|
| 852 |
_aNLR _j76-6/2167 |
||
| 942 | _cBOOK | ||
| 980 | _aNB | ||